000 00644nam a2200205Ia 4500
008 240729s9999 xx 000 0 und d
022 _a1848-3380
245 0 _aAutomatika
260 _aUnited Kingdom
260 _bTaylor & Francis Group
650 _a Automation
650 _a Control engineering systems. Automatic machinery (General) | Technology
650 _a Industrial engineering. Management engineering
650 _a Mechanical engineering and machinery
650 _a Technology (General)
650 _aTechnology
856 _uhttps://doaj.org/toc/69507cf6b3f343cab69b3b262b6e487a
942 _2ddc
942 _cDOAJEJ
999 _c73164
_d73164
945 _a1
_bMadushi Gamage
_c1
_dMadushi Gamage